00581nam a2200169Ia 4500008004100000020001800041041000800059082001600067100002100083245003800104260004000142300001500182365001300197906003800210999001900248952014400267210423s2012 xx 000 0 und d a9788173713811 aeng a523.01 ABHK aABHYANKAR (K D). aAstrophysics: stars and galaxies. aNew DelhibUniversities Pressc2012 axv,543bPB b695cINR aAstrophysics: ; galaxies. ; stars c162348d162348 001040708PHYaSACPGbSACPGd2013-06-22eAthulya Booksg695.00l2o523.01 ABHKpPG008841r2025-07-03 13:42:33s2025-06-24w2021-04-26yBK